[Event "Hastings Masters op 95th"]
[Site "Hastings"]
[Date "2019.12.30"]
[Round "3"]
[White "Rice, Christopher"]
[Black "Anderson, John"]
[Result "1/2-1/2"]
[WhiteElo "2027"]
[BlackElo "2163"]
[PlyCount "78"]
[EventDate "2019.12.28"]
[EventType "swiss"]
[EventRounds "9"]
[EventCountry "ENG"]
[SourceTitle "CBM 194 Extra"]
[Source "ChessBase"]
[SourceDate "2020.03.31"]
[SourceVersion "1"]
[SourceVersionDate "2020.03.31"]
[SourceQuality "1"]

1. c4 Nf6 2. g3 e5 3. Bg2 c6 4. Nf3 e4 5. Nd4 Qb6 6. Nb3 a5 7. d3 a4 8. Be3 Qd8 9. Nd4 Bb4+ 10. Bd2 Bxd2+ 11. Qxd2 exd3 12. Qxd3 0-0 13. 0-0 d5 14. cxd5 Nxd5 15. Rd1 Na6 16. Nc3 Nxc3 17. Qxc3 Qe7 18. e4 Nc7 19. Rac1 g6 20. Re1 Rd8 21. a3 Qd6 22. Nc2 Nb5 23. Qb4 Be6 24. Qxd6 Rxd6 25. Bf1 Nd4 26. Nxd4 Rxd4 27. Rcd1 Rad8 28. Rxd4 Rxd4 29. f3 Rd2 30. Re2 Rd1 31. Kf2 Bc4 32. Re1 Rd2+ 33. Ke3 Rc2 34. Bxc4 Rxc4 35. Re2 Kf8 36. Rd2 b5 37. e5 Ke7 38. f4 h5 39. Kf3 Rc1 1/2-1/2

[Event "Hastings Masters op 95th"]
[Site "Hastings"]
[Date "2019.12.28"]
[Round "1"]
[White "Arkell, Keith C"]
[Black "Anderson, John"]
[Result "1-0"]
[WhiteElo "2453"]
[BlackElo "2163"]
[PlyCount "97"]
[EventDate "2019.12.28"]
[EventType "swiss"]
[EventRounds "9"]
[EventCountry "ENG"]
[SourceTitle "CBM 194 Extra"]
[Source "ChessBase"]
[SourceDate "2020.03.31"]
[SourceVersion "1"]
[SourceVersionDate "2020.03.31"]
[SourceQuality "1"]

1. Nf3 d5 2. c4 e6 3. cxd5 exd5 4. d4 c6 5. Nc3 Nf6 6. Qc2 g6 7. Bg5 Be7 8. Bxf6 Bxf6 9. e3 Bf5 10. Bd3 Bxd3 11. Qxd3 0-0 12. b4 Nd7 13. b5 c5 14. Nxd5 cxd4 15. Nxf6+ Nxf6 16. Nxd4 Qd6 17. 0-0 Rfe8 18. Rfd1 Rad8 19. h3 Re5 20. Rac1 Rd5 21. Rc2 h5 22. Rdc1 Rd7 23. Rc8+ Kg7 24. Qc2 Qe5 25. Ra8 b6 26. Qc8 Rd8 27. Qxd8 Rxd8 28. Rxd8 Qe7 29. Rdc8 Qa3 30. R1c2 Ne4 31. R8c7 Nc5 32. g3 Qa4 33. Kh2 Kf6 34. h4 Kg7 35. Kg2 Kf6 36. Re2 Kg7 37. Rd2 Ne4 38. Ne6+ Kf6 39. Rd4 Qxa2 40. Rxe4 fxe6 41. Rf4+ Ke5 42. Rd7 Qa5 43. Rff7 Qxb5 44. Rd4 Qe2 45. Rxa7 g5 46. hxg5 Kf5 47. Rf4+ Kxg5 48. Rg7+ Kh6 49. Re7 1-0

[Event "Hastings Masters op 94th"]
[Site "Hastings"]
[Date "2019.01.05"]
[Round "9"]
[White "Anderson, John"]
[Black "Graham, Cassie M"]
[Result "1-0"]
[WhiteElo "2163"]
[BlackElo "1889"]
[PlyCount "165"]
[EventDate "2018.12.28"]
[EventType "swiss"]
[EventRounds "10"]
[EventCountry "ENG"]
[SourceTitle "CBM 188 Extra"]
[Source "ChessBase"]
[SourceDate "2019.02.26"]
[SourceVersion "1"]
[SourceVersionDate "2019.02.26"]
[SourceQuality "1"]

1. e4 c5 2. Nf3 d6 3. Bb5+ Bd7 4. Bxd7+ Qxd7 5. c4 Nf6 6. Nc3 g6 7. d4 cxd4 8. Nxd4 Bg7 9. b3 0-0 10. Bb2 a6 11. 0-0 Nc6 12. Nxc6 bxc6 13. Na4 Qc7 14. Qe2 Nd7 15. Rfd1 Bxb2 16. Qxb2 f5 17. Qd4 fxe4 18. Qxe4 Rf7 19. Rd2 Raf8 20. Qe3 Nf6 21. h3 Nh5 22. Nc3 Ng7 23. Ne4 Rf5 24. Ng3 R5f6 25. Re2 R6f7 26. Rae1 Rd8 27. Qc3 Qa7 28. Qe3 Qc7 29. Ne4 Nf5 30. Qd3 e5 31. Ng5 Re7 32. Nf3 Rde8 33. Qe4 Ng7 34. Rd1 Ne6 35. Red2 Nc5 36. Qh4 Nb7 37. Ng5 Rf8 38. g3 a5 39. Ne4 Re6 40. Qg4 Qe7 41. h4 h6 42. Rd3 Kg7 43. R1d2 Rd8 44. a3 Ra8 45. Qd1 Rd8 46. b4 axb4 47. axb4 d5 48. cxd5 cxd5 49. Rxd5 Rxd5 50. Rxd5 Qxb4 51. Rd7+ Re7 52. Qd5 Kf8 53. Nf6 Rxd7 54. Nxd7+ Ke7 55. Nxe5 Qb1+ 56. Kg2 Nd6 57. Ng4 Qf5 58. Qd4 Nf7 59. Nxh6 Nxh6 60. Qe3+ Kf7 61. Qxh6 Qd5+ 62. Kh2 Qa2 63. Qf4+ Kg7 64. g4 Qe2 65. Qd4+ Kf7 66. Kg3 Qf1 67. Qd5+ Kg7 68. g5 Qg1+ 69. Qg2 Qb1 70. Kh2 Qb4 71. Qg3 Qc5 72. Qf4 Qc2 73. Qf6+ Kg8 74. h5 Qc7+ 75. Kh3 Qc8+ 76. Kh4 Qc4+ 77. f4 gxh5 78. Qg6+ Kf8 79. Qf5+ Kg8 80. g6 Qa2 81. Kg5 Qc4 82. Kh6 h4 83. Qe5 1-0

[Event "Hastings Masters op 94th"]
[Site "Hastings"]
[Date "2018.12.28"]
[Round "1"]
[White "Anderson, John"]
[Black "Djuric, Stefan"]
[Result "1/2-1/2"]
[WhiteElo "2163"]
[BlackElo "2371"]
[PlyCount "92"]
[EventDate "2018.12.28"]
[EventType "swiss"]
[EventRounds "10"]
[EventCountry "ENG"]
[SourceTitle "CBM 188 Extra"]
[Source "ChessBase"]
[SourceDate "2019.02.26"]
[SourceVersion "1"]
[SourceVersionDate "2019.02.26"]
[SourceQuality "1"]

1. e4 e5 2. Nf3 Nc6 3. Bb5 a6 4. Bxc6 dxc6 5. 0-0 f6 6. d4 exd4 7. Nxd4 Bd6 8. Nc3 Ne7 9. Qh5+ Ng6 10. Be3 0-0 11. Rad1 Qe8 12. f4 Bb4 13. Nde2 f5 14. e5 Be6 15. a3 Be7 16. Nd4 Bc4 17. Rfe1 Qf7 18. Qf3 Rad8 19. Qf2 c5 20. Nf3 b6 21. g3 h6 22. h3 Kh7 23. Kh2 a5 24. Ng1 Qe6 25. Qf3 Ba6 26. Nge2 Qc8 27. Nd5 c4 28. h4 Qa8 29. h5 Nh8 30. Nec3 Bb7 31. Rd2 b5 32. Qd1 b4 33. Nxe7 bxc3 34. bxc3 Bf3 35. Rxd8 Rxd8 36. Qb1 Rf8 37. Qb5 Qe4 38. Bf2 Qxc2 39. Kg1 Qxc3 40. Qc5 Ba8 41. Nd5 Qf3 42. Qxf8 Bxd5 43. Qxf5+ Kg8 44. Qh3 Kh7 45. e6 Nf7 46. e7 Nd6 1/2-1/2

[Event "Hastings Masters op 93rd"]
[Site "Hastings"]
[Date "2018.01.02"]
[Round "6"]
[White "Munshi, Aditya"]
[Black "Anderson, John"]
[Result "0-1"]
[WhiteElo "2001"]
[BlackElo "2184"]
[PlyCount "76"]
[EventDate "2017.12.28"]
[EventType "swiss"]
[EventRounds "9"]
[EventCountry "ENG"]
[SourceTitle "CBM 182 Extra"]
[Source "ChessBase"]
[SourceDate "2018.02.23"]
[SourceVersion "1"]
[SourceVersionDate "2018.02.23"]
[SourceQuality "1"]

1. e4 c5 2. Nf3 d6 3. Bb5+ Bd7 4. Bxd7+ Qxd7 5. c4 Nf6 6. Nc3 g6 7. d4 cxd4 8. Nxd4 Bg7 9. b3 0-0 10. Bb2 Nc6 11. Nxc6 bxc6 12. Qe2 Qc7 13. 0-0 Nd7 14. Rac1 a5 15. Rfd1 Rfb8 16. Ba3 Bxc3 17. Rxc3 c5 18. Bb2 a4 19. Rh3 axb3 20. Qe3 f6 21. axb3 Ra2 22. Bc1 Nf8 23. Qd3 Qb7 24. Rg3 Ra1 25. h4 Ne6 26. h5 g5 27. f3 Qxb3 28. Qd5 Kf7 29. Kh2 Qc2 30. f4 gxf4 31. Rg7+ Kxg7 32. Qxe6 Kf8 33. Bxf4 Qxd1 34. Bh6+ Ke8 35. Qg8+ Kd7 36. Qxb8 Qxh5+ 37. Kg3 Qxh6 38. Qb7+ Ke8 0-1

[Event "Hastings Masters op 93rd"]
[Site "Hastings"]
[Date "2018.01.01"]
[Round "5"]
[White "Anderson, John"]
[Black "Pickersgill, Adrian"]
[Result "1-0"]
[WhiteElo "2184"]
[BlackElo "1991"]
[PlyCount "61"]
[EventDate "2017.12.28"]
[EventType "swiss"]
[EventRounds "9"]
[EventCountry "ENG"]
[SourceTitle "CBM 182 Extra"]
[Source "ChessBase"]
[SourceDate "2018.02.23"]
[SourceVersion "1"]
[SourceVersionDate "2018.02.23"]
[SourceQuality "1"]

1. d4 d6 2. e4 Nf6 3. Nc3 c6 4. f4 Qa5 5. e5 Ne4 6. Qf3 d5 7. Bd3 Na6 8. Nge2 Nb4 9. 0-0 Nxd3 10. cxd3 Nxc3 11. bxc3 g6 12. a4 Bg7 13. Ba3 Qc7 14. h3 h5 15. Rfb1 Be6 16. a5 0-0 17. g4 hxg4 18. hxg4 Qd7 19. f5 gxf5 20. g5 f4 21. Nxf4 Bf5 22. Ra2 Rfb8 23. Rh2 b6 24. Rf1 f6 25. gxf6 exf6 26. Nh5 Bg6 27. Nxf6+ Bxf6 28. Qxf6 Qg7 29. Rg2 Kh7 30. Qxg7+ Kxg7 31. Rf6 1-0

[Event "Hastings Masters op 92nd"]
[Site "Hastings"]
[Date "2017.01.02"]
[Round "6"]
[White "Anderson, John"]
[Black "Dyrgaard, Kristoffer"]
[Result "1/2-1/2"]
[WhiteElo "2156"]
[BlackElo "2311"]
[PlyCount "53"]
[EventDate "2016.12.28"]
[EventType "swiss"]
[EventRounds "9"]
[EventCountry "ENG"]
[SourceTitle "CBM 176 Extra"]
[Source "ChessBase"]
[SourceDate "2017.03.02"]
[SourceVersion "1"]
[SourceVersionDate "2017.03.02"]
[SourceQuality "1"]

1. e4 c5 2. Nf3 Nc6 3. Bb5 g6 4. Bxc6 dxc6 5. h3 e5 6. d3 f6 7. Be3 Nh6 8. Qd2 Nf7 9. Nc3 Qe7 10. 0-0-0 Be6 11. Kb1 0-0-0 12. Qc1 Qc7 13. Ne2 h5 14. Nh4 Rg8 15. f4 Bh6 16. fxe5 Qa5 17. b3 Bxe3 18. Qxe3 Nxe5 19. Rhf1 c4 20. Rxf6 cxd3 21. cxd3 Nc4 22. bxc4 Bxc4 23. Nc1 Qb5+ 24. Kc2 Qa4+ 25. Kd2 Qb4+ 26. Kc2 Qa4+ 27. Kd2 1/2-1/2

[Event "Kilkenny Masters"]
[Site "Kilkenny"]
[Date "2016.11.25"]
[Round "1"]
[White "Anderson, John"]
[Black "Maze, Sebastien"]
[Result "0-1"]
[WhiteElo "2156"]
[BlackElo "2615"]
[PlyCount "25"]
[EventDate "2016.11.25"]
[EventType "swiss"]
[EventRounds "6"]
[EventCountry "IRL"]
[SourceTitle "EXT 2018"]
[Source "ChessBase"]
[SourceDate "2017.10.13"]
[SourceVersion "1"]
[SourceVersionDate "2017.10.13"]
[SourceQuality "1"]

1. e4 c5 2. Nf3 Nc6 3. Bb5 g6 4. Bxc6 bxc6 5. 0-0 Bg7 6. d3 d6 7. h3 e5 8. Nc3 Nf6 9. Bg5 h6 10. Be3 0-0 11. Qd2 Kh7 12. Nh2 Nh5 13. g4 0-1

[Event "Crawley e2e4 Gatwick op"]
[Site "Crawley"]
[Date "2016.02.20"]
[Round "2"]
[White "Fernandez, Daniel Howard"]
[Black "Anderson, John"]
[Result "1-0"]
[WhiteElo "2474"]
[BlackElo "2230"]
[PlyCount "133"]
[EventDate "2016.02.19"]
[EventType "swiss"]
[EventRounds "5"]
[EventCountry "ENG"]
[SourceTitle "CBM 171 Extra"]
[Source "ChessBase"]
[SourceDate "2016.04.26"]
[SourceVersion "1"]
[SourceVersionDate "2016.04.26"]
[SourceQuality "1"]

1. g3 g6 2. Bg2 Bg7 3. d4 d6 4. Nf3 Nf6 5. 0-0 0-0 6. b3 Nbd7 7. Bb2 e5 8. dxe5 Ng4 9. c4 Ngxe5 10. Nc3 Re8 11. Qd2 Nc5 12. Nxe5 dxe5 13. Qe3 Qd4 14. Qc1 Ne6 15. Rd1 Qg4 16. Qe3 Qh5 17. Bf3 Qh6 18. Qxh6 Bxh6 19. Na4 Bg7 20. Rd2 Rb8 21. Rad1 Nd4 22. Bg2 Bg4 23. f3 Bd7 24. Nc3 Bc6 25. Kf2 Bf8 26. e3 Ne6 27. Nd5 Bg7 28. Ba3 Bxd5 29. cxd5 Bf8 30. Bxf8 Nxf8 31. Rc2 Re7 32. Rdc1 Rd7 33. f4 exf4 34. gxf4 c6 35. dxc6 bxc6 36. Bxc6 Rd6 37. e4 Ne6 38. Ke3 Nd4 39. Rc4 Nxc6 40. Rxc6 Rd7 41. Rc8+ Rxc8 42. Rxc8+ Kg7 43. b4 Kf6 44. Rc6+ Kg7 45. Ra6 Kh6 46. a4 Kh5 47. b5 Kh4 48. a5 h5 49. b6 axb6 50. Rxb6 Ra7 51. a6 Kh3 52. Kf3 h4 53. e5 g5 54. fxg5 Kxh2 55. Kg4 h3 56. Rb2+ Kg1 57. Kg3 Kf1 58. Rf2+ Ke1 59. Rf6 Ke2 60. Kxh3 Ke3 61. Kg4 Ke4 62. e6 fxe6 63. Rxe6+ Kd5 64. Kf5 Rc7 65. g6 Rc1 66. Re5+ Kd6 67. Kf6 1-0

[Event "Newmarket EACU op"]
[Site "Newmarket"]
[Date "2015.05.31"]
[Round "5"]
[White "Ciuksyte, Dagne"]
[Black "Anderson, John"]
[Result "1-0"]
[WhiteElo "2349"]
[BlackElo "2247"]
[PlyCount "85"]
[EventDate "2015.05.30"]
[EventType "swiss"]
[EventRounds "5"]
[EventCountry "ENG"]
[SourceTitle "CBM 166 Extra"]
[Source "ChessBase"]
[SourceDate "2015.06.18"]
[SourceVersion "1"]
[SourceVersionDate "2015.06.18"]
[SourceQuality "1"]

1. b3 e5 2. Bb2 Nc6 3. c4 Nf6 4. d3 d5 5. cxd5 Nxd5 6. Nf3 Bd6 7. e3 0-0 8. Be2 Qe7 9. a3 Bd7 10. Nbd2 Rae8 11. 0-0 Kh8 12. Ne4 f5 13. Nxd6 cxd6 14. Rc1 g5 15. g3 Rg8 16. e4 fxe4 17. dxe4 Nf6 18. Qd3 Ref8 19. b4 g4 20. Nd2 Ne8 21. Nc4 Rf6 22. Rcd1 Rg7 23. b5 Nd8 24. a4 Nf7 25. Ne3 Be6 26. Nd5 Bxd5 27. Qxd5 h5 28. h4 gxh3 29. Bxh5 h2+ 30. Kh1 Nc7 31. Qxb7 Nd8 32. Qxa7 Qf8 33. Qe3 Qg8 34. Be2 Nb7 35. b6 Ne6 36. Bc4 Qh7 37. Bxe6 Rxe6 38. Ba3 Rf6 39. Bb4 Qh5 40. a5 Rgf7 41. Rc1 Rf3 42. Qe2 Qg4 43. a6 1-0

[Event "Newmarket EACU op"]
[Site "Newmarket"]
[Date "2015.05.30"]
[Round "1"]
[White "Okhai, Shabir"]
[Black "Anderson, John"]
[Result "0-1"]
[WhiteElo "2031"]
[BlackElo "2247"]
[PlyCount "102"]
[EventDate "2015.05.30"]
[EventType "swiss"]
[EventRounds "5"]
[EventCountry "ENG"]
[SourceTitle "CBM 166 Extra"]
[Source "ChessBase"]
[SourceDate "2015.06.18"]
[SourceVersion "1"]
[SourceVersionDate "2015.06.18"]
[SourceQuality "1"]

1. e4 e5 2. Nf3 Nf6 3. Nc3 Nc6 4. Bb5 Nd4 5. Bc4 Bc5 6. d3 d6 7. h3 c6 8. 0-0 b5 9. Bb3 a5 10. a3 Nxb3 11. cxb3 0-0 12. Bg5 h6 13. Bh4 g5 14. Nxg5 hxg5 15. Bxg5 Kg7 16. Qf3 Qe7 17. Ne2 Qe6 18. Ng3 Rh8 19. Bxf6+ Qxf6 20. Nh5+ Rxh5 21. Qxh5 Be6 22. h4 Rh8 23. Qg5+ Qxg5 24. hxg5 Bxb3 25. Rac1 Be6 26. Rc2 a4 27. Rfc1 Bg4 28. Rxc5 dxc5 29. f3 Be6 30. Rxc5 Rd8 31. Rc3 Kg6 32. Kf2 Kxg5 33. Ke3 Bd7 34. Rc5 Kf6 35. d4 exd4+ 36. Kxd4 Be8+ 37. Ke3 Rd1 38. Rc2 Ke6 39. g3 f6 40. g4 Kd6 41. Kf4 Rd3 42. Rf2 Bd7 43. g5 fxg5+ 44. Kxg5 Ke5 45. Kg6 c5 46. Rc2 c4 47. Rf2 Kf4 48. Kf6 Rxf3 49. Re2 Re3 50. Rd2 Kxe4 51. Rxd7 Re2 0-1

[Event "Southend op 59th"]
[Site "Southend"]
[Date "2015.04.05"]
[Round "5"]
[White "Anderson, John"]
[Black "Willmoth, Robert"]
[Result "1-0"]
[WhiteElo "2229"]
[BlackElo "2148"]
[PlyCount "63"]
[EventDate "2015.04.03"]
[EventType "swiss"]
[EventRounds "7"]
[EventCountry "ENG"]
[SourceTitle "CBM 165 Extra"]
[Source "ChessBase"]
[SourceDate "2015.04.21"]
[SourceVersion "1"]
[SourceVersionDate "2015.04.21"]
[SourceQuality "1"]

1. e4 e6 2. d4 d5 3. Nc3 Nf6 4. e5 Nfd7 5. f4 c5 6. Nf3 Nc6 7. Be3 cxd4 8. Nxd4 Bc5 9. Qd2 0-0 10. 0-0-0 a6 11. Qf2 Bxd4 12. Bxd4 b5 13. Be3 b4 14. Na4 Qa5 15. b3 Qc7 16. Bd3 a5 17. Qh4 g6 18. Kb1 f6 19. exf6 Nxf6 20. Rhe1 d4 21. Bc1 Nd5 22. f5 gxf5 23. Bc4 Nce7 24. Qxd4 Kf7 25. Qh4 Nf6 26. Bb2 Neg8 27. Qd4 Re8 28. g4 Kf8 29. gxf5 exf5 30. Rxe8+ Nxe8 31. Bxg8 Kxg8 32. Qd5+ 1-0

[Event "Southend op 59th"]
[Site "Southend"]
[Date "2015.04.05"]
[Round "6"]
[White "Hebden, Mark"]
[Black "Anderson, John"]
[Result "1/2-1/2"]
[WhiteElo "2491"]
[BlackElo "2229"]
[PlyCount "115"]
[EventDate "2015.04.03"]
[EventType "swiss"]
[EventRounds "7"]
[EventCountry "ENG"]
[SourceTitle "CBM 165 Extra"]
[Source "ChessBase"]
[SourceDate "2015.04.21"]
[SourceVersion "1"]
[SourceVersionDate "2015.04.21"]
[SourceQuality "1"]

1. d4 e6 2. Nf3 c5 3. e3 Nf6 4. c4 cxd4 5. exd4 d5 6. Nc3 Bb4 7. cxd5 Nxd5 8. Qc2 Nc6 9. a3 Be7 10. Bd3 h6 11. 0-0 Bf6 12. Rd1 0-0 13. Be4 Nce7 14. Ne5 Bd7 15. Rd3 Bc6 16. Ng4 Rc8 17. Bxh6 Nf5 18. Bxf5 exf5 19. Nxf6+ Qxf6 20. Bd2 Nxc3 21. Rxc3 Qxd4 22. Be3 Qd5 23. f3 Rcd8 24. Bxa7 Rfe8 25. Re3 Qd2 26. Rxe8+ Bxe8 27. Qxd2 Rxd2 28. Rc1 Rxb2 29. Rc8 Re2 30. Rb8 b5 31. Kf1 Re6 32. Kf2 Kh7 33. h4 Kg6 34. Kg3 Kh5 35. Bd4 g6 36. Bc3 f6 37. Bxf6 Rxf6 38. Rxe8 Kh6 39. Rh8+ Kg7 40. Ra8 Rc6 41. Ra5 Rc3 42. Kf4 Kh6 43. g4 fxg4 44. Kxg4 b4 45. Ra6 Rxa3 46. Rb6 Ra5 47. Rxb4 Rc5 48. Rb7 Ra5 49. Re7 Ra1 50. Re4 Rh1 51. Rd4 Rh2 52. Rd6 Rg2+ 53. Kf4 Rh2 54. Kg3 Rh1 55. Re6 Rg1+ 56. Kh2 Ra1 57. Re5 Rb1 58. Kg3 1/2-1/2

[Event "Hastings Masters op 90th"]
[Site "Hastings"]
[Date "2014.12.30"]
[Round "2"]
[White "Gormally, Daniel"]
[Black "Anderson, John"]
[Result "0-1"]
[WhiteElo "2499"]
[BlackElo "2180"]
[PlyCount "80"]
[EventDate "2014.12.29"]
[EventType "swiss"]
[EventRounds "9"]
[EventCountry "ENG"]
[SourceTitle "CBM 164 Extra"]
[Source "ChessBase"]
[SourceDate "2015.03.02"]
[SourceVersion "1"]
[SourceVersionDate "2015.03.02"]
[SourceQuality "1"]

1. d4 d5 2. c4 c6 3. Nf3 Nf6 4. Nc3 dxc4 5. e4 b5 6. e5 Nd5 7. a4 e6 8. Ng5 h6 9. Nge4 b4 10. Nb1 Ba6 11. Nbd2 Nf4 12. Qg4 Nd3+ 13. Bxd3 cxd3 14. 0-0 Qd5 15. Re1 Nd7 16. Nf3 c5 17. dxc5 Nxc5 18. Nd6+ Bxd6 19. exd6 Nb3 20. Bf4 Nxa1 21. Qxg7 0-0-0 22. Rxa1 d2 23. Bxd2 Qxd6 24. Qxf7 Rd7 25. Rc1+ Kb7 26. Bxb4 Rxf7 27. Bxd6 Rd8 28. Ne5 Rg7 29. Bb4 Rd5 30. Bc3 Rc7 31. Re1 Bc4 32. f4 a5 33. Kf2 Bb3 34. g4 Bxa4 35. g5 hxg5 36. fxg5 Be8 37. g6 a4 38. h4 a3 39. bxa3 Rxc3 40. g7 Rd2+ 0-1

[Event "Margate Thanet op"]
[Site "Margate"]
[Date "2014.08.17"]
[Round "5"]
[White "Smith, Andrew Philip"]
[Black "Anderson, John"]
[Result "1-0"]
[WhiteElo "2151"]
[BlackElo "2205"]
[PlyCount "57"]
[EventDate "2014.08.15"]
[EventType "swiss"]
[EventRounds "5"]
[EventCountry "ENG"]
[SourceTitle "EXT 2019"]
[Source "ChessBase"]
[SourceDate "2018.10.10"]
[SourceVersion "1"]
[SourceVersionDate "2018.10.10"]
[SourceQuality "1"]

1. e4 e5 2. d4 exd4 3. Qxd4 Nc6 4. Qe3 Nf6 5. Nc3 Be7 6. Bc4 Nb4 7. Bb3 d5 8. exd5 Nbxd5 9. Nxd5 Nxd5 10. Qf3 c6 11. Ne2 Bf6 12. 0-0 0-0 13. Ng3 Be6 14. Ne4 Be7 15. Bd2 h6 16. Rad1 Qc8 17. h3 Qc7 18. c4 Nf6 19. Bf4 Qc8 20. Nd6 Bxd6 21. Rxd6 Rd8 22. Rxd8+ Qxd8 23. Rd1 Qe7 24. Bd6 Qe8 25. Be5 Bg4 26. Qg3 Bxd1 27. Bxf6 Qe1+ 28. Kh2 g6 29. Bc3 1-0

[Event "Margate Thanet op"]
[Site "Margate"]
[Date "2014.08.16"]
[Round "2"]
[White "Anderson, John"]
[Black "Botley, Gordon"]
[Result "1-0"]
[WhiteElo "2205"]
[BlackElo "2150"]
[PlyCount "114"]
[EventDate "2014.08.15"]
[EventType "swiss"]
[EventRounds "5"]
[EventCountry "ENG"]
[SourceTitle "EXT 2019"]
[Source "ChessBase"]
[SourceDate "2018.10.10"]
[SourceVersion "1"]
[SourceVersionDate "2018.10.10"]
[SourceQuality "1"]

1. e4 c5 2. d4 cxd4 3. c3 d3 4. Bxd3 Nc6 5. Nf3 d6 6. h3 Nf6 7. 0-0 e6 8. Be3 Be7 9. Nbd2 0-0 10. Nd4 e5 11. Nxc6 bxc6 12. f4 Qc7 13. fxe5 dxe5 14. Rf2 Be6 15. Qc2 Rfd8 16. Be2 Nd7 17. Bc4 Nf8 18. Bxe6 Nxe6 19. Raf1 Rf8 20. Kh1 Bc5 21. Bxc5 Nxc5 22. Nc4 Rae8 23. Rf5 f6 24. b4 Ne6 25. Qb3 Qd7 26. Rd1 Qe7 27. Rff1 Kh8 28. Nd6 Rd8 29. Nf5 Qf7 30. Qc4 Ng5 31. Qxf7 Nxf7 32. h4 a6 33. Kg1 g6 34. Ne7 Kg7 35. Nxc6 Rc8 36. Ne7 Rxc3 37. Nd5 Rc6 38. a4 Rb8 39. Rf3 Rd6 40. Rfd3 f5 41. exf5 gxf5 42. Kf1 e4 43. Rd4 Ne5 44. Ne3 Rxd4 45. Rxd4 Nc6 46. Rd6 Nxb4 47. Nxf5+ Kf7 48. Ke2 Nd3 49. Ke3 Nc5 50. g4 Rb4 51. Rc6 Nxa4 52. Rxa6 Nc5 53. Ra7+ Kg6 54. Rg7+ Kf6 55. Re7 Rb3+ 56. Ke2 Rb2+ 57. Ke1 h5 1-0

[Event "Southend op 58th"]
[Site "Southend"]
[Date "2014.04.21"]
[Round "7"]
[White "Gregory, Stephen J"]
[Black "Anderson, John"]
[Result "0-1"]
[WhiteElo "2054"]
[BlackElo "2171"]
[PlyCount "67"]
[EventDate "2014.04.18"]
[EventType "swiss"]
[EventRounds "7"]
[EventCountry "ENG"]
[SourceTitle "EXT 2016"]
[Source "ChessBase"]
[SourceDate "2015.10.08"]
[SourceVersion "1"]
[SourceVersionDate "2015.10.08"]
[SourceQuality "1"]

1. e4 c5 2. Nf3 d6 3. d4 cxd4 4. Qxd4 a6 5. Bc4 Nc6 6. Qe3 Nf6 7. 0-0 e6 8. Nc3 Be7 9. Rd1 Qc7 10. Bb3 b5 11. h3 0-0 12. Bd2 Bb7 13. a4 b4 14. Ne2 Na5 15. Bxb4 Nxb3 16. cxb3 Nxe4 17. Rac1 Qb8 18. Rd4 Nf6 19. Ba3 Rd8 20. Rdc4 Nd5 21. Qd2 Bf6 22. Ng3 Nb6 23. Nh5 Nxc4 24. Nxf6+ gxf6 25. Rxc4 Bd5 26. Rg4+ Kf8 27. Qh6+ Ke7 28. Rf4 f5 29. Ne5 Rg8 30. g4 Qxb3 31. Qxh7 Raf8 32. Qh4+ Ke8 33. Rd4 Rh8 34. Qf6 0-1

[Event "Southend op 58th"]
[Site "Southend"]
[Date "2014.04.18"]
[Round "1"]
[White "Anderson, John"]
[Black "Gallagher, Daniel GH"]
[Result "1-0"]
[WhiteElo "2171"]
[BlackElo "1850"]
[PlyCount "81"]
[EventDate "2014.04.18"]
[EventType "swiss"]
[EventRounds "7"]
[EventCountry "ENG"]
[SourceTitle "EXT 2016"]
[Source "ChessBase"]
[SourceDate "2015.10.08"]
[SourceVersion "1"]
[SourceVersionDate "2015.10.08"]
[SourceQuality "1"]

1. e4 e5 2. Nf3 Nc6 3. Bb5 a6 4. Bxc6 dxc6 5. 0-0 Bg4 6. h3 Bh5 7. g4 Bg6 8. Nxe5 Qh4 9. Qf3 f6 10. Nxg6 hxg6 11. Kg2 g5 12. d3 Ne7 13. Rh1 Qh7 14. Be3 Ng6 15. Kg1 0-0-0 16. Nd2 Nh4 17. Qe2 Be7 18. Rb1 Kb8 19. b4 Qg8 20. Rb3 Rh6 21. Nf3 Ng6 22. a4 Qh7 23. Kg2 Rh8 24. Ng1 Rh4 25. b5 cxb5 26. axb5 a5 27. b6 cxb6 28. Rxb6 Bc5 29. Rb5 Bxe3 30. Qxe3 Nf4+ 31. Kf1 Rc8 32. Rxa5 Rxc2 33. Qa7+ Kc7 34. Rc5+ Rxc5 35. Qxc5+ Kb8 36. Qd6+ Ka8 37. f3 Nxh3 38. Qd8+ Ka7 39. Rh2 b6 40. Qc7+ Ka6 41. Ra2+ 1-0